000 00200 a2200097 4500
001 48082
100 _aMor
245 _aHashemite Kings
260 _aLondon
_bFaber & Faber
_c
090 _c31058
_d31058
942 _aNUST-CAE
_cM
_c23401
999 _c283155
_d283155